Formula 1 2012 Championship Standings - Statistics

General Stats
  • This quiz has been taken 29 times
  • The average score is 17 of 25
Answer Stats
Position Team Driver % Correct
2nd Ferrari Fernando Alonso
100%
1st Red Bull-Renault Sebastian Vettel
100%
4th McLaren-Mercedes Lewis Hamilton
96%
3rd Lotus-Renault Kimi Raikkonen
92%
13th Mercedes Michael Schumacher
92%
9th Mercedes Nico Rosberg
88%
7th Ferrari Felipe Massa
83%
5th McLaren-Mercedes Jenson Button
83%
6th Red Bull-Renault Mark Webber
83%
10th Sauber-Ferrari Sergio Perez
83%
8th Lotus-Renault Romain Grosjean
79%
11th Force India-Mercedes Nico Hulkenberg
71%
15th Williams-Renault Pastor Maldonado
63%
16th Williams-Renault Bruno Senna
58%
18th Toro Rosso-Ferrari Daniel Ricciardo
58%
14th Force India-Mercedes Paul di Resta
58%
22nd Caterham-Renault Heikki Kovalainen
54%
17th Toro Rosso-Ferrari Jean-Eric Vergne
54%
19th Caterham-Renault Vitaly Petrov
54%
21st Marussia-Cosworth Charles Pic
46%
12th Sauber-Ferrari Kamui Kobayashi
46%
20th Marussia-Cosworth Timo Glock
46%
24th HRT-Cosworth Narain Karthikeyan
38%
23rd Lotus-Renault Jerome d’Ambrosio
33%
25th HRT-Cosworth Pedro de la Rosa
29%
No matching quizzes found
Score Distribution
Percent of People with Each Score
Percentile by Number Answered
Your Score History
You have not taken this quiz